El aprendizaje de la decepción / (Record no. 82175)

MARC details
000 -LEADER
campo de control de longitud fija 00750nam a2200217 i 4500
001 - NÚMERO DE CONTROL
campo de control 82175
003 - IDENTIFICADOR DE NÚMERO DE CONTROL
campo de control ES-MaACL
005 - FECHA Y HORA DE LA ÚLTIMA TRANSACCIÓN
campo de control 20240421063020.0
007 - CAMPO FIJO DE DESCRIPCIÓN FÍSICA--INFORMACIÓN GENERAL
campo de control de longitud fija t|
008 - DATOS DE LONGITUD FIJA--INFORMACIÓN GENERAL
campo de control de longitud fija 041129s1989 sp ||||1| spa d
020 ## - NÚMERO INTERNACIONAL ESTÁNDAR DEL LIBRO
Número Internacional Estándar del Libro 84-7681-084-9
100 1# - ENTRADA PRINCIPAL--NOMBRE DE PERSONA
Nombre de persona Azúa, Félix de,
Fechas asociadas al nombre 1944-
9 (RLIN) 24368
245 13 - MENCIÓN DEL TÍTULO
Título El aprendizaje de la decepción /
Mención de responsabilidad, etc. Félix de Azúa ; selección de artículos al cuidado de J. A. González Sáinz.
260 ## - PUBLICACIÓN, DISTRIBUCIÓN, ETC.
Lugar de publicación, distribución, etc. Pamplona :
Nombre del editor, distribuidor, etc. Pamiela,
Fecha de publicación, distribución, etc. 1989.
300 ## - DESCRIPCIÓN FÍSICA
Extensión 208 p. ;
Dimensiones 21 cm.
490 1# - MENCIÓN DE SERIE
Mención de serie Biblioteca de estudios contemporáneos ;
Designación de volumen o secuencia 1
700 1# - ENTRADA AGREGADA--NOMBRE PERSONAL
Nombre de persona González Sainz, J. A.
9 (RLIN) 58948
830 0# - PUNTO DE ACCESO ADICIONAL DE SERIE-TÍTULO UNIFORME
Título uniforme Biblioteca de estudios contemporáneos ;
Designación de volumen o secuencia 1
9 (RLIN) 231570
852 ## - LOCALIZACIÓN
Ubicación ES-MaACL
Número de control de estantería E-10483
Sublocalización o colección R.134655
Holdings
Estatus retirado Estado de pérdida Estado de daño No para préstamo Biblioteca de origen Biblioteca actual Ubicación en estantería Fecha de adquisición Fuente de adquisición Total de préstamos Signatura topográfica completa Código de barras Visto por última vez Precio de reemplazo Tipo de ítem Koha
        Biblioteca del Ateneo de Madrid Biblioteca del Ateneo de Madrid Depósito 2 17/01/2008     E-10483 1085886 23/02/2023 23/02/2023 Libro impreso